000 00590nmm a2200181Ia 4500
008 251105s9999||||xx |||||||||||||||||und||
041 _aspa
100 _aGarcía Hernán, David
245 0 _aLa cultura de la Sangre en el Siglo de Oro: Entre literatura e historia
264 _a[Madrid, España] :
_bSílex Ediciones,
_c2016
300 _a428 páginas
490 _aSílex Universidad
650 _aSpanish literature
700 _aGarcía Hernán, David
700 1 _a Gómez Vozmediano, Miguel F. (Eds.)
856 _uhttps://public.digitaliapublishing.com/a/62996
942 _cCF
999 _c65899
_d65899